History Quiz

Random History Quiz

Vice-Presidents-From the Blair House to the White House Quiz Stats

 Plays Quiz not verified by Sporcle

Score 0/9 Timer 01:30
0 Plays Today
Years Served as V.P. V.P. % Correct
1797-1801???
100%
1789-1797???
95.5%
1961-1963???
95.5%
1945???
90.9%
1953-1961???
90.9%
1981-1989???
90.9%
1901???
81.8%
1833-1837???
72.7%
1921-1923???
72.7%

You're not logged in!

Compare scores with friends on all Sporcle quizzes.
OR
Log In

You Might Also Like...

Show Comments

Extras

Created Nov 21, 2016ReportNominate
Tags:elected, President, served

Top Quizzes Today


Score Distribution

Your Account Isn't Verified!

In order to create a playlist on Sporcle, you need to verify the email address you used during registration. Go to your Sporcle Settings to finish the process.

Report this User

Report this user for behavior that violates our Community Guidelines.

Details: